[Event "Florianopolis op 10th"]
[Site "Florianopolis"]
[Date "2024.01.22"]
[Round "3"]
[White "Farias, Robson da Costa"]
[Black "Labussiere, Yago"]
[Result "0-1"]
[WhiteElo "1721"]
[BlackElo "2167"]
[PlyCount "150"]
[EventDate "2024.01.20"]
[EventType "swiss"]
[EventRounds "10"]
[EventCountry "BRA"]
[SourceTitle "CB05_2024"]
[SourceDate "2024.01.31"]
[SourceVersion "1"]
[SourceVersionDate "2024.01.31"]
[SourceQuality "1"]

1. e4 c5 2. Nf3 Nc6 3. d4 cxd4 4. Nxd4 Nf6 5. Nc3 e5 6. Nxc6 bxc6 7. Bd3 Be7 8. 0-0 0-0 9. Qf3 d6 10. h3 Be6 11. Re1 Rb8 12. Ne2 Nd7 13. g4 Bg5 14. b3 Bxc1 15. Raxc1 d5 16. Ng3 g6 17. c4 d4 18. Red1 c5 19. Kg2 Nb6 20. Qe2 Qh4 21. Rh1 Qg5 22. Rcd1 f6 23. Qd2 Qxd2 24. Rxd2 Nd7 25. f3 Rb7 26. h4 Rfb8 27. h5 Nf8 28. h6 a5 29. Bc2 a4 30. Ne2 axb3 31. Bxb3 Kf7 32. Nc1 Ke7 33. Nd3 Kd6 34. Kg3 g5 35. Rhh2 Ng6 36. Rh1 Nf4 37. Nxf4 exf4+ 38. Kf2 Ke5 39. Ke2 Rb4 40. Rc1 Rg8 41. Rdc2 Rgb8 42. Rd1 Rxb3 43. axb3 Rxb3 44. Rd3 Rb4 45. Ra3 Bxc4+ 46. Kd2 d3 47. Rxc4 Rxc4 48. Kxd3 Rd4+ 49. Kc3 Rd1 50. Ra7 Rf1 51. Re7+ Kd6 52. Rxh7 Rxf3+ 53. Kd2 Ke6 54. Rh8 Kf7 55. Rc8 Kg6 56. Rc6 Rg3 57. h7 Kxh7 58. Rxf6 Rxg4 59. e5 Rg3 60. Rf5 Kg6 61. Rf6+ Kh5 62. Rc6 Re3 63. Rxc5 Kg4 64. Rd5 Kg3 65. e6 g4 66. Rd3 Kf2 67. Rd4 f3 68. Rxg4 Rxe6 69. Rg5 Rd6+ 70. Kc2 Ke1 71. Re5+ Kf1 72. Re8 Rg6 73. Rf8 Kg2 74. Kd2 f2 75. Ke2 Re6+ 0-1

[Event "Rio Branco Regional Norte"]
[Site "Rio Branco"]
[Date "2021.11.28"]
[Round "6"]
[White "Farias, Robson da Costa"]
[Black "De Vjunior, Liduino Furtado"]
[Result "0-1"]
[WhiteElo "1756"]
[BlackElo "2089"]
[PlyCount "83"]
[EventDate "2021.11.25"]
[EventType "swiss"]
[EventRounds "6"]
[EventCountry "BRA"]
[SourceTitle "CBM 205 Extra"]
[Source "ChessBase"]
[SourceDate "2022.01.31"]
[SourceVersion "1"]
[SourceVersionDate "2022.01.31"]
[SourceQuality "1"]

1. e4 c5 2. Nf3 d6 3. d4 cxd4 4. Nxd4 Nf6 5. Nc3 a6 6. Be2 e5 7. Nf3 b5 8. a3 Bb7 9. Bd3 Nbd7 10. b4 Qc7 11. Bb2 Nb6 12. 0-0 Nc4 13. Bxc4 Qxc4 14. Re1 Be7 15. Qd3 Qc7 16. Rac1 0-0 17. Nd5 Nxd5 18. exd5 f5 19. Nd2 Bg5 20. Re2 Qf7 21. Rd1 Rac8 22. Nf1 Rc7 23. f3 Bc8 24. Nd2 Bd7 25. g3 Rfc8 26. c3 Qh5 27. Rde1 Rf8 28. Rf1 Qf7 29. Rd1 h5 30. h4 Bxd2 31. Qxd2 f4 32. gxf4 Qxf4 33. Qxf4 Rxf4 34. Rd3 Bf5 35. Rde3 Rxh4 36. Rxe5 dxe5 37. Rxe5 g6 38. Bc1 Kf7 39. d6 Rd7 40. Re7+ Rxe7 41. Bg5 Rd7 42. Bxh4 0-1

[Event "Rio Branco Regional Norte"]
[Site "Rio Branco"]
[Date "2021.11.26"]
[Round "3"]
[White "Farias, Robson da Costa"]
[Black "Teramoto, Anderson"]
[Result "1-0"]
[WhiteElo "1756"]
[BlackElo "1624"]
[PlyCount "84"]
[EventDate "2021.11.25"]
[EventType "swiss"]
[EventRounds "6"]
[EventCountry "BRA"]
[SourceTitle "CBM 205 Extra"]
[Source "ChessBase"]
[SourceDate "2022.01.31"]
[SourceVersion "1"]
[SourceVersionDate "2022.01.31"]
[SourceQuality "1"]

1. e4 c5 2. Nf3 Nc6 3. b3 d6 4. Bb2 Bg4 5. Be2 Nf6 6. Nc3 e6 7. h3 Bxf3 8. Bxf3 Nd4 9. e5 dxe5 10. Bxb7 Rb8 11. Ba6 Bd6 12. Bc4 0-0 13. 0-0 Qe7 14. Re1 Rfd8 15. d3 Bc7 16. Bc1 h6 17. Bd2 Nd7 18. Ne2 Nb6 19. Ba6 Qd6 20. Ng3 Nd5 21. Bc4 Nb6 22. Ne4 Qf8 23. c3 Nxc4 24. bxc4 Nf5 25. Qf3 Rd7 26. g4 Nh4 27. Qg3 Ng6 28. g5 h5 29. Qf3 h4 30. Be3 Rxd3 31. Qe2 Rbd8 32. Bxc5 Nf4 33. Bxf8 Nxe2+ 34. Rxe2 Kxf8 35. Kg2 Ke7 36. Rb1 Ba5 37. Rb7+ R3d7 38. Rb5 Bc7 39. c5 Rd5 40. Rc2 Rc8 41. Nd6 Rxd6 42. cxd6+ Kxd6 1-0

[Event "Rondonia-ch 2nd"]
[Site "Porto Velho"]
[Date "2016.04.23"]
[Round "7"]
[White "Feitosa Rodrigues, Adriano Tito"]
[Black "Farias, Robson da Costa"]
[Result "1-0"]
[WhiteElo "1837"]
[BlackElo "1763"]
[PlyCount "55"]
[EventDate "2016.04.21"]
[EventType "tourn"]
[EventRounds "9"]
[EventCountry "BRA"]
[SourceTitle "EXT 2022"]
[Source "ChessBase"]
[SourceDate "2021.10.06"]
[SourceVersion "1"]
[SourceVersionDate "2021.10.06"]
[SourceQuality "1"]

1. e4 e6 2. d4 d5 3. Nc3 dxe4 4. Nxe4 c5 5. Nf3 Nc6 6. Bb5 Qa5+ 7. Nc3 Bd7 8. d5 exd5 9. Qxd5 Nf6 10. Qd3 0-0-0 11. 0-0 h6 12. Bf4 Be6 13. Qe2 Bd6 14. Bxd6 Rxd6 15. Rad1 Nd4 16. Nxd4 cxd4 17. Qe1 Qd8 18. Be2 Re8 19. Nb5 Rd5 20. Nxa7+ Kd7 21. Rxd4 Ke7 22. Rxd5 Qxd5 23. Qc3 Kf8 24. Rd1 Qxa2 25. Nb5 Qa8 26. Qc5+ Kg8 27. Nc7 Qc8 28. Nxe6 1-0

[Event "Rondonia-ch 2nd"]
[Site "Porto Velho"]
[Date "2016.04.22"]
[Round "5"]
[White "Rocha, Walterio Carlos Ara"]
[Black "Farias, Robson da Costa"]
[Result "0-1"]
[WhiteElo "1788"]
[BlackElo "1763"]
[PlyCount "28"]
[EventDate "2016.04.21"]
[EventType "tourn"]
[EventRounds "9"]
[EventCountry "BRA"]
[SourceTitle "EXT 2022"]
[Source "ChessBase"]
[SourceDate "2021.10.06"]
[SourceVersion "1"]
[SourceVersionDate "2021.10.06"]
[SourceQuality "1"]

1. Nf3 g6 2. b3 Bg7 3. Nc3 d5 4. d4 Nf6 5. Bb2 0-0 6. h3 Nbd7 7. e3 c5 8. Bd3 a6 9. a4 b6 10. 0-0 Bb7 11. Ne2 Qc7 12. Re1 c4 13. bxc4 dxc4 14. Bxg6 hxg6 0-1

[Event "Rondonia-ch 2nd"]
[Site "Porto Velho"]
[Date "2016.04.21"]
[Round "1"]
[White "Farias, Robson da Costa"]
[Black "Carneiro, Marcos Venicios F"]
[Result "0-1"]
[WhiteElo "1763"]
[BlackElo "1997"]
[PlyCount "58"]
[EventDate "2016.04.21"]
[EventType "tourn"]
[EventRounds "9"]
[EventCountry "BRA"]
[SourceTitle "EXT 2022"]
[Source "ChessBase"]
[SourceDate "2021.10.06"]
[SourceVersion "1"]
[SourceVersionDate "2021.10.06"]
[SourceQuality "1"]

1. e4 d5 2. exd5 Nf6 3. Bb5+ Bd7 4. Bxd7+ Qxd7 5. c4 c6 6. Nc3 cxd5 7. cxd5 Nxd5 8. Nxd5 Qxd5 9. f3 Nc6 10. Ne2 e5 11. 0-0 Bc5+ 12. Kh1 0-0 13. a3 Rfe8 14. b4 Bb6 15. Rb1 Rad8 16. Qb3 Qd6 17. a4 Re6 18. Nc3 Qd3 19. Qd1 Rh6 20. a5 Bc7 21. Qe2 e4 22. h3 exf3 23. Qxd3 fxg2+ 24. Kxg2 Rxd3 25. Rf3 Rxf3 26. Kxf3 Rxh3+ 27. Kg2 Rh2+ 28. Kg1 Nd4 29. Ne4 Ne2+ 0-1

[Event "Rondoniense-ch"]
[Site "Porto Velho"]
[Date "2015.03.??"]
[Round "6"]
[White "Leao, Adriano Santos"]
[Black "Farias, Robson da Costa"]
[Result "1-0"]
[WhiteElo "1851"]
[BlackElo "1843"]
[PlyCount "68"]
[EventDate "2015.03.06"]
[EventType "tourn"]
[EventRounds "7"]
[EventCountry "BRA"]
[SourceTitle "EXT 2022"]
[Source "ChessBase"]
[SourceDate "2021.10.06"]
[SourceVersion "1"]
[SourceVersionDate "2021.10.06"]
[SourceQuality "1"]

1. e4 e5 2. g3 g6 3. Bg2 Bg7 4. Nc3 Nc6 5. Nf3 Nge7 6. 0-0 0-0 7. Re1 Re8 8. d4 Kh8 9. Be3 exd4 10. Nxd4 d5 11. exd5 Nxd5 12. Nxc6 bxc6 13. Nxd5 cxd5 14. Bxd5 Rb8 15. Bxf7 Rf8 16. Qxd8 Rxd8 17. Red1 Rxd1+ 18. Rxd1 Bxb2 19. Rd8+ Kg7 20. Be6 Bxe6 21. Rxb8 Be5 22. Rb5 Bf6 23. Bxa7 Bxa2 24. Rc5 Bd8 25. Bb8 Kf6 26. Bxc7 Be7 27. Ra5 Bc4 28. Ra4 Bb5 29. Rf4+ Kg7 30. c4 Ba6 31. Bb6 g5 32. Re4 Bb4 33. c5 Bc8 34. Re5 h6 1-0

[Event "Porto Velho IRT"]
[Site "Porto Velho"]
[Date "2013.12.21"]
[Round "7.2"]
[White "Da Silva, Jaderson Ferreira"]
[Black "Farias, Robson da Costa"]
[Result "0-1"]
[WhiteElo "1657"]
[BlackElo "1841"]
[PlyCount "40"]
[EventDate "2013.12.18"]
[EventType "tourn"]
[EventRounds "9"]
[EventCountry "BRA"]
[SourceTitle "EXT 2022"]
[Source "ChessBase"]
[SourceDate "2021.10.06"]
[SourceVersion "1"]
[SourceVersionDate "2021.10.06"]
[SourceQuality "1"]

1. e4 c6 2. d4 d5 3. e5 Bf5 4. Bd3 Bxd3 5. Qxd3 e6 6. f4 Ne7 7. Nf3 Nd7 8. 0-0 f6 9. Nc3 Qb6 10. a4 a5 11. Kh1 Rc8 12. b3 Ng6 13. exf6 Nxf6 14. Ng5 c5 15. dxc5 Rxc5 16. Re1 Ng4 17. Rxe6+ Qxe6 18. Nxe6 Nf2+ 19. Kg1 Nxd3 20. Nxc5 Nxc5 0-1

[Event "Porto Velho IRT"]
[Site "Porto Velho"]
[Date "2013.12.19"]
[Round "3.2"]
[White "Farias, Robson da Costa"]
[Black "Da Silva, Jefferson Rian Ferr"]
[Result "1-0"]
[WhiteElo "1841"]
[BlackElo "1990"]
[PlyCount "61"]
[EventDate "2013.12.18"]
[EventType "tourn"]
[EventRounds "9"]
[EventCountry "BRA"]
[SourceTitle "EXT 2022"]
[Source "ChessBase"]
[SourceDate "2021.10.06"]
[SourceVersion "1"]
[SourceVersionDate "2021.10.06"]
[SourceQuality "1"]

1. d4 Nf6 2. Nc3 e5 3. Bg5 exd4 4. Qxd4 Be7 5. Bxf6 Bxf6 6. Qe3+ Qe7 7. Qxe7+ Bxe7 8. 0-0-0 0-0 9. e4 a5 10. f4 Na6 11. Nd5 Bd8 12. Nf3 c6 13. Nc3 b5 14. e5 Nc5 15. Bd3 f6 16. Ne4 Nxe4 17. Bxe4 fxe5 18. Nxe5 Rxf4 19. Bxc6 dxc6 20. Rxd8+ Rf8 21. Rxf8+ Kxf8 22. Rf1+ Ke7 23. Nxc6+ Kd6 24. Nd4 Bd7 25. Rf7 Rg8 26. a3 a4 27. Kd2 h5 28. Nf5+ Ke6 29. Rxg7 Rd8 30. Ne3 Kf6 31. Rg3 1-0

[Event "Porto Velho Madeira"]
[Site "Porto Velho"]
[Date "2013.01.14"]
[Round "5"]
[White "Cavalheiro, Wanir"]
[Black "Farias, Robson da Costa"]
[Result "0-1"]
[WhiteElo "1800"]
[BlackElo "1800"]
[PlyCount "70"]
[EventDate "2013.01.12"]
[EventType "tourn"]
[EventRounds "9"]
[EventCountry "BRA"]
[SourceTitle "EXT 2014"]
[Source "ChessBase"]
[SourceDate "2013.11.20"]
[SourceVersion "1"]
[SourceVersionDate "2013.11.20"]
[SourceQuality "1"]

1. d4 d5 2. Nf3 e6 3. e3 c5 4. Bb5+ Bd7 5. Bxd7+ Nxd7 6. b3 Qb6 7. 0-0 0-0-0 8. Nc3 Ngf6 9. Na4 Qb5 10. dxc5 Bxc5 11. Nxc5 Qxc5 12. Bb2 Kb8 13. Ne5 Nxe5 14. Bxe5+ Ka8 15. Rc1 h5 16. Qd2 Ne4 17. Qe1 f6 18. Bd4 Qc7 19. b4 e5 20. Bb2 g5 21. f3 Nd6 22. c3 Nc4 23. Rb1 Qb6 24. Bc1 d4 25. exd4 exd4 26. Kh1 d3 27. Bd2 Rhe8 28. Qd1 Re2 29. Re1 Rxd2 30. Qb3 Qf2 31. Rg1 Ne3 32. Qe6 Nxg2 33. Qxf6 Rb8 34. Qxg5 Nh4 35. Rbf1 Qxh2# 0-1